| 000 | 00677nam a2200301Ia 4500 | ||
|---|---|---|---|
| 005 | 20260401122411.0 | ||
| 008 | 008 250103s9999 xx 000 0 eng d | ||
| 020 | _a8178240661 | ||
| 037 | _aTB | ||
| 040 | _aEDL | ||
| 040 | _beng | ||
| 040 | _cEDL | ||
| 041 | _2eng | ||
| 041 | _aeng | ||
| 084 | _a954.051 TAR | ||
| 084 | _qEDL | ||
| 100 |
_aTarlo, Emma _91108231 |
||
| 245 | 0 | _aUnsettling Memories: Narratives of India's 'Emergency' | |
| 245 | 0 | _cTarlo, Emma | |
| 260 | _aDelhi | ||
| 260 | _bPermanent Black | ||
| 260 | _c2003 | ||
| 300 | _a235p | ||
| 942 | _cTB | ||
| 942 | _h954.051 TAR | ||
| 999 |
_c1847034 _d1847034 |
||